01609 a2200217 4500020002200000035001200022040001300034245039500047260014300442300003400585500025200619650003500871650007500906700002000981700002401001710014201025710006401167942002301231999001501254952012201269 a0444876189 (U.S.) a3177298 aDLCbDLC10aComputer security: a global challenge : proceedings of the Second IFIP International Conference on Computer Security, IFIP/Sec'84, Toronto, Ontario, Canada, 10-12 September, 1984b: a global challenge : proceedings of the Second IFIP International Conference on Computer Security, IFIP/Sec'84, Toronto, Ontario, Canada, 10-12 September, 1984cedited by James H. Finch and E. Graham Dougall. aAmsterdama; New Yorkb: North-Hollanda; New York, N.Y.b: Sole distributors for the U.S.A. and Canada, Elsevier Science Pub. Co.,c1984. axix, 580 p.b: ill.c; 24 cm. aOrganized by the Toronto Chapter of the Canadian Information Processing Society under the auspices of the International Federation for Information Processing (IFIP) Technical Committee 11: Security and Protection in Information Processing Systems. 0aComputer securityxCongresses. 0aElectronic data processing departmentsxSecurity measuresxCongresses.10aFinch, James H.10aDougall, E. Graham.20aInternational Federation for Information Processingb. Technical Committee 11: Security and Protection in Information Processing Systems.20aCanadian Information Processing Societyb. Toronto Chapter. cBKk005.8 FIN2ddc c6694d6694 001040708NFICaCLbCLcAId2005-10-20eDonationl1o005.8 FINpSEECS006578r2014-03-03s2014-02-02w2017-01-05yBK